The Blues Dream of Billy Boy Arnold (Record no. 547919)

MARC details
000 -LEADER
fixed length control field 01958nam a2200217Ia 4500
008 - FIXED-LENGTH DATA ELEMENTS--GENERAL INFORMATION
fixed length control field 240825s9999 xx 000 0 und d
020 ## - INTERNATIONAL STANDARD BOOK NUMBER
ISBN 9780226809205
Paper back/Hardbound hbk.
041 ## - LANGUAGE CODE
Language code of text/sound track or separate title eng
082 ## - DEWEY DECIMAL CLASSIFICATION NUMBER
Classification number 781.643
Item number ARN
100 ## - MAIN ENTRY--AUTHOR NAME
Personal name Arnold, Billy Boy ; Field, Kim
245 #4 - TITLE STATEMENT
Title The Blues Dream of Billy Boy Arnold
Statement of responsibility, etc / Billy Boy Arnold and Kim Field
250 ## - EDITION STATEMENT
Edition statement 1st ed.
260 ## - PUBLICATION, DISTRIBUTION, ETC. (IMPRINT)
Name of publisher The university of chicago press
Place of publication Chicago
Year of publication c2021
300 ## - PHYSICAL DESCRIPTION
Number of Pages xiii, 287 p.
Other physical details : ill. (black and white)
Dimensions ; 24 cm.
490 ## - SERIES STATEMENT
Series statement Chicago visions and revisions
504 ## - BIBLIOGRAPHY, ETC. NOTE
Bibliography, etc Includes index
520 ## - SUMMARY, ETC.
Summary, etc Simply put, Billy Boy Arnold is one of the last men standing from the Chicago blues scene’s raucous heyday. What’s more, unlike most artists in this electrifying melting pot, who were Southern transplants, Arnold―a harmonica master who shared stages with Bo Diddley, Muddy Waters, and Howlin’ Wolf, plus a singer and hitmaker in his own right who first recorded the standards “I Wish You Would” and “I Ain’t Got You”―was born right here and has lived nowhere else. This makes his perspective on Chicago blues, its players, and its locales all the rarer and all the more valuable. Arnold has witnessed musical generations come and go, from the decline of prewar country blues to the birth of the electric blues and the worldwide spread of rock and roll. Working here in collaboration with writer and fellow musician Kim Field, he gets it all down. The Blues Dream of Billy Boy Arnold is a remarkably clear-eyed testament to more than eighty years of musical love and creation, from Arnold’s adolescent quest to locate the legendary Sonny Boy Williamson, the story of how he named Bo Diddley Bo Diddley, and the ups and downs of his seven-decade recording career. Arnold’s tale―candidly told with humor, insight, and grit―is one that no fan of modern American music can afford to miss.
650 ## - SUBJECT ADDED ENTRY--TOPICAL TERM
Topical Term Blues (music)
942 ## - ADDED ENTRY ELEMENTS (KOHA)
Koha item type Reference
Holdings
Withdrawn status Lost status Damaged status Not for loan Home library Current library Shelving location Date acquired Cost, normal purchase price Full call number Accession Number Price effective from Koha item type
        Anna Centenary Library Anna Centenary Library 6TH FLOOR, B WING 29.04.2024 2491.80 781.643 ARN 680992 25.08.2024 Reference

Find us on the map